Ludność wszystkich państw Ameryki Północnej - Statystyki

Ogólne statystyki
  • Ten quiz został rozwiązany 88 razy
  • Średni wynik to 13 z 22
Statystyki odpowiedzi
Ludność Państwo % Poprawnych
332 403 650 Stany Zjednoczone
100%
128 600 000 Meksyk
99%
37 943 231 Kanada
98%
16 919 000 Gwatemala
69%
11 032 343 Kuba
65%
11 198 240 Haiti
60%
6 369 000 Salwador
58%
10 172 000 Dominikana
57%
4 968 000 Kostaryka
57%
3 928 646 Panama
57%
8 307 000 Honduras
56%
2 844 000 Jamajka
54%
6 025 951 Nikaragua
54%
294 560 Barbados
52%
386 000 Belize
51%
108 000 Grenada
51%
164 994 Saint Lucia
49%
71 000 Dominika
47%
372 000 Bahamy
46%
91 000 Antigua i Barbuda
41%
52 715 Saint Kitts i Nevis
41%
102 089 Saint Vincent i Grenadyny
37%
Nie znaleziono quizów pasujących do podanych kryteriów
Rozkład punktacji
Procent ludzi z każdym wynikiem
Percentyl według liczby udzielonych odpowiedzi
Twoja historia wyników
Nie rozwiązałeś tego quizu